00430cam a2200157ua 45000010005000000080039000050400009000440820011000531000028000642450051000922500009001432600050001523000022002026530014002246530034002381952110811n ii |||gr||||Z||||||eng cMAIN a379.54 aShukla, P. D.,eAuthor.1 aNew Education policy in indiacby P. D. Shukla a1st. aNew Delhi:bSterling publishers pvt. ltd,996. avii; 156p:c23cm. aEducation aNew Education policy in india